[Event "GRENKE Chess Open 2024"]
[Site "Karlsruhe"]
[Date "2024.03.29"]
[Round "2.33"]
[White "Hartge, Gedeon"]
[Black "Feuerstack, Aljoscha"]
[Result "0-1"]
[WhiteElo "2225"]
[BlackElo "2471"]
[Annotator "TA"]
[PlyCount "100"]
[EventDate "2024.03.28"]
[EventType "swiss"]
[EventCountry "GER"]
[SourceTitle "playchess.com"]
[Source "ChessBase"]
[SourceQuality "1"]

1. d4 d5 2. c4 e6 3. Nc3 Nf6 4. cxd5 Nxd5 5. e4 Nxc3 6. bxc3 c5 7. Nf3 cxd4 8. cxd4 Bb4+ 9. Bd2 Bxd2+ 10. Qxd2 O-O 11. Bc4 b6 12. O-O Bb7 13. Rfe1 Qd6 14. Rad1 Nd7 15. h3 Rac8 16. Bb3 h6 17. Re3 Qf4 18. Qe2 Nf6 19. g3 Qb8 20. Ne5 Qa8 21. f3 Rfd8 22. Qg2 a5 23. a4 Qa7 24. Kh2 b5 25. Red3 Ba6 26. R3d2 Rc3 27. Ba2 Qc7 28. axb5 Bxb5 29. Ng4 Nxg4+ 30. hxg4 Re3 31. d5 exd5 32. Bxd5 Qc3 33. f4 Rc8 34. g5 Ba4 35. Rf1 Rxg3 36. Qxg3 Qxd2+ 37. Rf2 Qxf2+ 38. Qxf2 Rc2 39. Kg3 Rxf2 40. Kxf2 Kf8 41. gxh6 gxh6 42. Ke3 h5 43. e5 Bd7 44. Kd4 h4 45. Kc5 h3 46. Be4 Ke7 47. Bd5 Bg4 48. Bb7 Be2 49. Bc8 Bf1 50. f5 f6 0-1

[Event "GRENKE Chess Open 2024"]
[Site "Karlsruhe"]
[Date "2024.03.29"]
[Round "2.34"]
[White "Ghimpu, Samuel-Timotei"]
[Black "Pfatteicher, Lukas"]
[Result "1-0"]
[WhiteElo "2467"]
[BlackElo "2220"]
[Annotator "TA"]
[PlyCount "65"]
[EventDate "2024.03.28"]
[EventType "swiss"]
[EventCountry "GER"]
[SourceTitle "playchess.com"]
[Source "ChessBase"]
[SourceQuality "1"]

1. d4 Nf6 2. Nf3 g6 3. Nbd2 d5 4. e3 Bg7 5. b4 O-O 6. c4 Nc6 7. b5 Na5 8. Bb2 dxc4 9. Nxc4 c6 10. bxc6 Nxc6 11. Be2 b5 12. Ncd2 Qb6 13. O-O a5 14. e4 Nh5 15. Rb1 Nf4 16. d5 Bxb2 17. Rxb2 Nd4 18. Bxb5 Nfe2+ 19. Kh1 Nc3 20. Nc4 Nxd1 21. Nxb6 Nxb2 22. Nxd4 Rb8 23. Nxc8 Rfxc8 24. Nc6 Rxc6 25. Bxc6 a4 26. h3 a3 27. f4 Nc4 28. Rc1 Nd2 29. e5 Rb4 30. d6 exd6 31. exd6 Rd4 32. d7 Kf8 33. Re1 1-0

[Event "GRENKE Chess Open 2024"]
[Site "Karlsruhe"]
[Date "2024.03.29"]
[Round "2.35"]
[White "Pillard, Valentin"]
[Black "Bazakutsa, Svyatoslav"]
[Result "0-1"]
[WhiteElo "2224"]
[BlackElo "2462"]
[Annotator "TA"]
[PlyCount "96"]
[EventDate "2024.03.28"]
[EventType "swiss"]
[EventCountry "GER"]
[SourceTitle "playchess.com"]
[Source "ChessBase"]
[SourceQuality "1"]

1. e4 c5 2. Nf3 Nc6 3. Bb5 d6 4. c4 e5 5. Nc3 Nf6 6. d3 Bd7 7. h3 Be7 8. Bg5 a6 9. Ba4 O-O 10. O-O Be6 11. Bxc6 bxc6 12. Ne2 Nd7 13. Bxe7 Qxe7 14. Ng3 Rab8 15. Qd2 f5 16. exf5 Bxf5 17. Nxf5 Rxf5 18. Qe2 Rf7 19. Rae1 Qd8 20. b3 Nf8 21. Qe4 Rc8 22. b4 cxb4 23. c5 Rf4 24. Qe3 Ng6 25. cxd6 Qxd6 26. Nxe5 Qxe5 27. Qxe5 Nxe5 28. Rxe5 Rd4 29. Rb1 c5 30. Rc1 Rxd3 31. Rcxc5 Rxc5 32. Rxc5 Rd1+ 33. Kh2 Ra1 34. Rc2 a5 35. Kg3 Kf7 36. Re2 Rb1 37. h4 a4 38. Re4 a3 39. Re2 Kf6 40. Kf3 b3 41. axb3 Rxb3+ 42. Kg4 Rb2 43. Re3 a2 44. Ra3 Rxf2 45. Kg3 Rc2 46. Ra5 Ke6 47. h5 Kd6 48. Kf4 Rxg2 0-1

[Event "GRENKE Chess Open 2024"]
[Site "Karlsruhe"]
[Date "2024.03.29"]
[Round "2.36"]
[White "Schneider, Ilja"]
[Black "Titze, Leo"]
[Result "1/2-1/2"]
[WhiteElo "2460"]
[BlackElo "2219"]
[Annotator "RC"]
[PlyCount "141"]
[EventDate "2024.03.28"]
[EventType "swiss"]
[EventCountry "GER"]
[SourceTitle "playchess.com"]
[Source "ChessBase"]
[SourceQuality "1"]

1. e4 c5 2. Nc3 e6 3. Nf3 Nc6 4. Bb5 Nd4 5. O-O a6 6. Bd3 Nc6 7. Nd5 d6 8. Ne3 Nge7 9. Re1 g6 10. c3 Bg7 11. Bc2 d5 12. d4 cxd4 13. cxd4 dxe4 14. Bxe4 O-O 15. Nc4 Nxd4 16. Be3 Nec6 17. Bxc6 Nxc6 18. Bc5 Re8 19. Nd6 Bxb2 20. Rb1 Bg7 21. Nxe8 Qxe8 22. Ng5 b5 23. Ne4 Bb7 24. Nd6 Qd7 25. Qf3 Na5 26. Nxb7 Qxb7 27. Qxb7 Nxb7 28. Be3 Nd6 29. Red1 Ne4 30. Rd7 Nc3 31. Rb2 a5 32. Rbd2 Nd5 33. Rc2 h5 34. Ra7 Rxa7 35. Bxa7 b4 36. Rc5 a4 37. Ra5 a3 38. Bc5 Bc3 39. Kf1 Kg7 40. g3 Kf6 41. Ke2 Kf5 42. f3 g5 43. Kd3 g4 44. fxg4+ hxg4 45. Ra7 f6 46. Kc4 Ke4 47. Ra6 Kf5 48. Bd6 Ne3+ 49. Kb3 Nd5 50. Kc4 Ne3+ 51. Kb5 Nc2 52. Bc5 e5 53. Kc4 e4 54. Ra5 Kg6 55. Kb3 Na1+ 56. Kc4 Nc2 57. Rb5 Bd2 58. Rb6 Kf5 59. Rb5 Kg6 60. Rb8 Bc3 61. Kb3 Na1+ 62. Kc4 Nc2 63. Rb6 Kf5 64. Rb5 Ke6 65. Rb6+ Kf5 66. Rb5 Ke6 67. Rb8 Kf5 68. Re8 Bd2 69. Kb3 Na1+ 70. Kc4 Nc2 71. Kb3 1/2-1/2

[Event "GRENKE Chess Open 2024"]
[Site "Karlsruhe"]
[Date "2024.03.29"]
[Round "2.37"]
[White "Bargsten, Justus"]
[Black "Krastev, Alexander"]
[Result "1/2-1/2"]
[WhiteElo "2221"]
[BlackElo "2457"]
[Annotator "TA"]
[PlyCount "122"]
[EventDate "2024.03.28"]
[EventType "swiss"]
[EventCountry "GER"]
[SourceTitle "playchess.com"]
[Source "ChessBase"]
[SourceQuality "1"]

1. e4 c5 2. Nf3 e6 3. d4 cxd4 4. Nxd4 Nc6 5. Nc3 d6 6. g4 Nge7 7. Be3 a6 8. Qd2 Nxd4 9. Qxd4 Nc6 10. Qd2 b5 11. a3 Be7 12. O-O-O O-O 13. f4 Rb8 14. Kb1 b4 15. axb4 Nxb4 16. Bc4 Qc7 17. Bb3 Nc6 18. Na4 Bd7 19. Bc5 dxc5 20. Qxd7 Rfc8 21. Qxc7 Rxc7 22. Bc4 Na5 23. Be2 Rb4 24. Nc3 g5 25. fxg5 Rcb7 26. Bxa6 R7b6 27. Bb5 R6xb5 28. Nxb5 Rxb5 29. h4 Nc4 30. b3 Ne5 31. Kb2 Rb4 32. Rhe1 Nf3 33. c3 Rb7 34. Rh1 Ne5 35. Rhg1 Nf3 36. Rh1 Ne5 37. Rhg1 Nc4+ 38. Ka2 Ra7+ 39. Kb1 Rb7 40. Ka2 Ra7+ 41. Kb1 Ne5 42. Kb2 Kg7 43. Rg3 Kf8 44. Ra1 Rxa1 45. Kxa1 Ke8 46. Kb2 Bd6 47. Kc2 Ng6 48. Rh3 Ne5 49. Rg3 Ke7 50. Kd1 Ng6 51. Rh3 Kd7 52. Rf3 Ne5 53. Rf6 Bf8 54. Ke2 Ke8 55. Rf1 Nxg4 56. Ra1 Bd6 57. Ra8+ Ke7 58. Rh8 Be5 59. Rxh7 Kf8 60. b4 Bg7 61. bxc5 Ne5 1/2-1/2

[Event "GRENKE Chess Open 2024"]
[Site "Karlsruhe"]
[Date "2024.03.29"]
[Round "2.38"]
[White "Koellner, Ruben Gideon"]
[Black "Khrapko, Marharyta"]
[Result "1-0"]
[WhiteElo "2453"]
[BlackElo "2218"]
[Annotator "TA"]
[PlyCount "163"]
[EventDate "2024.03.28"]
[EventType "swiss"]
[EventCountry "GER"]
[SourceTitle "playchess.com"]
[Source "ChessBase"]
[SourceQuality "1"]

1. d4 d6 2. Nf3 Nf6 3. Nbd2 g6 4. e4 Bg7 5. Bc4 O-O 6. Qe2 c5 7. dxc5 dxc5 8. O-O Nc6 9. c3 Qc7 10. Re1 Ng4 11. Bb3 a6 12. a4 Rb8 13. h3 Nge5 14. Nxe5 Bxe5 15. Nf3 Bg7 16. e5 Nd8 17. Bf4 Be6 18. Bc2 b5 19. axb5 axb5 20. Qe3 b4 21. Ng5 bxc3 22. bxc3 Rb2 23. Qc1 Qb6 24. Nxe6 Nxe6 25. Bg3 c4 26. Rb1 Rxb1 27. Qxb1 Qa5 28. Qa1 Ra8 29. Qb2 Nc5 30. Rd1 Na4 31. Bxa4 Qxa4 32. Rd4 Qb3 33. Qd2 h6 34. Kh2 Kh7 35. Rd7 Re8 36. Rc7 Qb5 37. Qf4 Kg8 38. Qxc4 Qxc4 39. Rxc4 g5 40. Rc6 h5 41. h4 gxh4 42. Bf4 Rd8 43. Kh3 Rd5 44. c4 Rd4 45. Bg5 e6 46. f4 Kh7 47. Rc5 Kg6 48. Kxh4 f6 49. exf6 Bxf6 50. Kh3 Rd3+ 51. g3 Bd4 52. Rc8 e5 53. Rc6+ Kf5 54. Rf6+ Ke4 55. Kh4 Bf2 56. Kxh5 Bxg3 57. fxe5 Bxe5 58. Rf8 Rc3 59. Rc8 Kf5 60. Rf8+ Ke4 61. Rc8 Kf5 62. Bh4 Rh3 63. Rf8+ Ke4 64. Kg4 Rc3 65. Rc8 Kd4 66. Bf2+ Kd3 67. c5 Rc4+ 68. Kh3 Ke4 69. Re8 Kd5 70. Rd8+ Kc6 71. Kg2 Bc3 72. Rd6+ Kb7 73. Rb6+ Kc7 74. Bg3+ Kd7 75. Rd6+ Kc8 76. c6 Re4 77. Rg6 Re8 78. Rg5 Bd2 79. Rb5 Kd8 80. Rd5+ Kc8 81. Rxd2 Re5 82. Rb2 1-0

[Event "GRENKE Chess Open 2024"]
[Site "Karlsruhe"]
[Date "2024.03.29"]
[Round "2.39"]
[White "Van Cappellen, Jonas"]
[Black "Haring, Filip"]
[Result "0-1"]
[WhiteElo "2221"]
[BlackElo "2452"]
[Annotator "TA"]
[PlyCount "84"]
[EventDate "2024.03.28"]
[EventType "swiss"]
[EventCountry "GER"]
[SourceTitle "playchess.com"]
[Source "ChessBase"]
[SourceQuality "1"]

1. e4 c6 2. d4 d5 3. e5 Bf5 4. Nd2 e6 5. Nb3 Nd7 6. Nf3 Qc7 7. Be2 c5 8. Nxc5 Bxc5 9. dxc5 Qxc5 10. Nd4 Ne7 11. f4 Be4 12. O-O Bxc2 13. Qxc2 Qxd4+ 14. Kh1 O-O 15. Qc7 Rfd8 16. Qxb7 Rab8 17. Qa6 Nf5 18. Bg4 Nc5 19. Qe2 Ne4 20. Bxf5 exf5 21. Be3 Qxb2 22. Qxb2 Rxb2 23. Bd4 Rb4 24. Rfd1 Ra4 25. Rac1 h6 26. Rc7 Rb8 27. g3 Rbb4 28. e6 fxe6 29. Rxg7+ Kf8 30. Rc1 Rc4 31. Rxc4 Rxc4 32. Be5 Rc1+ 33. Kg2 Rc2+ 34. Kg1 Rxa2 35. Rh7 Nd2 36. Bd6+ Kg8 37. Rxh6 Nf3+ 38. Kf1 d4 39. Rxe6 d3 40. Bc5 Nxh2+ 41. Ke1 Nf3+ 42. Kd1 Ra1# 0-1

[Event "GRENKE Chess Open 2024"]
[Site "Karlsruhe"]
[Date "2024.03.29"]
[Round "2.40"]
[White "Buckels, Valentin"]
[Black "Zackrisson, Peter"]
[Result "1-0"]
[WhiteElo "2450"]
[BlackElo "2217"]
[Annotator "TA"]
[PlyCount "79"]
[EventDate "2024.03.28"]
[EventType "swiss"]
[EventCountry "GER"]
[SourceTitle "playchess.com"]
[Source "ChessBase"]
[SourceQuality "1"]

1. d4 Nf6 2. Nf3 g6 3. g3 Bg7 4. Bg2 O-O 5. O-O d6 6. Nc3 d5 7. Re1 Nbd7 8. e4 dxe4 9. Nxe4 Nxe4 10. Rxe4 c5 11. Re1 cxd4 12. Nxd4 Nc5 13. Be3 Ne6 14. c3 Nxd4 15. Bxd4 Bxd4 16. Qxd4 Qxd4 17. cxd4 e6 18. Rac1 Rd8 19. Red1 Rb8 20. Rc7 Rd7 21. Rdc1 Rd8 22. b4 Kf8 23. f4 a6 24. Kf2 b6 25. Ke3 Bd7 26. Ra7 a5 27. Rcc7 Be8 28. b5 Rdc8 29. a4 Rxc7 30. Rxc7 f6 31. g4 Bf7 32. g5 Kg7 33. Bc6 f5 34. d5 Kf8 35. d6 Rd8 36. Rd7 Rb8 37. Kd4 Be8 38. Rxh7 Bf7 39. Ke5 Kg8 40. Kf6 1-0

[Event "GRENKE Chess Open 2024"]
[Site "Karlsruhe"]
[Date "2024.03.29"]
[Round "2.41"]
[White "De Boer, Bas"]
[Black "Froewis, Georg"]
[Result "0-1"]
[WhiteElo "2219"]
[BlackElo "2450"]
[Annotator "TA"]
[PlyCount "96"]
[EventDate "2024.03.28"]
[EventType "swiss"]
[EventCountry "GER"]
[SourceTitle "playchess.com"]
[Source "ChessBase"]
[SourceQuality "1"]

1. d4 e6 2. c4 d5 3. Nf3 Nf6 4. g3 Bb4+ 5. Bd2 Be7 6. Qc2 c6 7. Bg2 Nbd7 8. O-O b6 9. b3 a5 10. Nc3 Ba6 11. Bg5 Rc8 12. Rfd1 O-O 13. e4 h6 14. Bxf6 Nxf6 15. Ne5 Qc7 16. Qb2 c5 17. Nb5 Bxb5 18. cxb5 Nxe4 19. Bxe4 dxe4 20. Qe2 f5 21. Rac1 Bd6 22. Nc6 f4 23. Qxe4 fxg3 24. fxg3 Bxg3 25. Rc2 Bd6 26. Qxe6+ Kh8 27. Ne5 Rf6 28. Qg4 Re8 29. Qh5 Ree6 30. Re1 Qe7 31. Rce2 cxd4 32. Nc6 Rg6+ 33. Kh1 Rxe2 34. Qxe2 Qh4 35. Rg1 Rxg1+ 36. Kxg1 Bxh2+ 37. Kf1 Qh3+ 38. Ke1 Qc3+ 39. Kf1 Qc1+ 40. Kg2 Qg1+ 41. Kf3 Qg3+ 42. Ke4 Bg1 43. Kd5 Qg5+ 44. Kd6 Qg6+ 45. Kc7 d3 46. Qf3 Bc5 47. Kb7 d2 48. Ne5 Qf6 0-1

[Event "GRENKE Chess Open 2024"]
[Site "Karlsruhe"]
[Date "2024.03.29"]
[Round "2.42"]
[White "Saraci, Nderim"]
[Black "Butenandt, Svenja"]
[Result "1-0"]
[WhiteElo "2450"]
[BlackElo "2216"]
[Annotator "TA"]
[PlyCount "39"]
[EventDate "2024.03.28"]
[EventType "swiss"]
[EventCountry "GER"]
[SourceTitle "playchess.com"]
[Source "ChessBase"]
[SourceQuality "1"]

1. d4 Nf6 2. c4 e6 3. Nf3 c5 4. e3 cxd4 5. exd4 d5 6. Nc3 Nc6 7. Bd3 Bb4 8. O-O O-O 9. a3 Bxc3 10. bxc3 Na5 11. c5 b6 12. Bg5 bxc5 13. dxc5 Nb7 14. Ne5 Nxc5 15. Nc6 Qd6 16. Bxf6 gxf6 17. Qg4+ Kh8 18. Qh4 Nxd3 19. Qxf6+ Kg8 20. Ne7+ 1-0

[Event "GRENKE Chess Open 2024"]
[Site "Karlsruhe"]
[Date "2024.03.29"]
[Round "2.43"]
[White "Zienkiewicz, Jan"]
[Black "Seo, Jung Min"]
[Result "1/2-1/2"]
[WhiteElo "2218"]
[BlackElo "2450"]
[Annotator "RC"]
[PlyCount "113"]
[EventDate "2024.03.28"]
[EventType "swiss"]
[EventCountry "GER"]
[SourceTitle "playchess.com"]
[Source "ChessBase"]
[SourceQuality "1"]

1. e4 c5 2. Nf3 d6 3. d4 cxd4 4. Nxd4 Nf6 5. Nc3 a6 6. h3 e5 7. Nb3 Be6 8. f4 Be7 9. f5 Bd7 10. g4 Bc6 11. Bg2 h6 12. Be3 Nbd7 13. h4 Nb6 14. Qe2 Na4 15. Nxa4 Bxa4 16. Bf3 Bc6 17. Qg2 Nd7 18. O-O-O Qc7 19. g5 O-O-O 20. Qf2 b6 21. f6 gxf6 22. gxf6 Bf8 23. Be2 Kb7 24. Bd3 h5 25. Qe2 Ra8 26. Rdf1 d5 27. exd5 Bxd5 28. Bg5 Bxh1 29. Rxh1 Ka7 30. Bxa6 Bh6 31. Bc4 Nxf6 32. Rf1 Nd7 33. Rxf7 Raf8 34. Qd2 Rxf7 35. Bxf7 Nc5 36. Bg6 Bxg5 37. Qxg5 Nxb3+ 38. axb3 Qg7 39. Qf5 Rf8 40. Qd3 Rf6 41. Bxh5 Rh6 42. Be2 Qg1+ 43. Kd2 Qg7 44. c3 Qe7 45. Kc2 e4 46. Qb5 Rd6 47. h5 Kb8 48. Kb1 e3 49. Ka2 Qe6 50. c4 Rd2 51. c5 Qf6 52. Qe8+ Kb7 53. Qe4+ Kb8 54. Qe8+ Kb7 55. Qe4+ Kb8 56. Qe8+ Kb7 57. Qe4+ 1/2-1/2

[Event "GRENKE Chess Open 2024"]
[Site "Karlsruhe"]
[Date "2024.03.29"]
[Round "2.44"]
[White "Durak, Can"]
[Black "Sahin, Ozgun"]
[Result "1-0"]
[WhiteElo "2450"]
[BlackElo "2215"]
[Annotator "TA"]
[PlyCount "95"]
[EventDate "2024.03.28"]
[EventType "swiss"]
[EventCountry "GER"]
[SourceTitle "playchess.com"]
[Source "ChessBase"]
[SourceQuality "1"]

1. d4 Nf6 2. Bg5 d5 3. e3 c5 4. Bxf6 gxf6 5. dxc5 e6 6. Nf3 Bxc5 7. c4 dxc4 8. Qc2 Nc6 9. Bxc4 Be7 10. O-O O-O 11. Nc3 Qc7 12. Rac1 a6 13. a3 Bd7 14. Bd3 f5 15. e4 fxe4 16. Nxe4 e5 17. Ng3 h5 18. Bc4 Kh8 19. Qd2 Qd6 20. Qxd6 Bxd6 21. Rfd1 Nd4 22. Nxd4 exd4 23. Rxd4 Bxg3 24. hxg3 Bf5 25. Be2 Bg6 26. Bxh5 Bxh5 27. Rh4 Rac8 28. Rxh5+ Kg7 29. Rhc5 Rcd8 30. Rc7 b5 31. f3 Rfe8 32. R1c2 Rd1+ 33. Kf2 Rb1 34. R7c6 Ra8 35. Rb6 Ra7 36. g4 Rd1 37. Kg3 Rb1 38. g5 Rd1 39. Kg4 Rd5 40. f4 Ra8 41. g3 Ra7 42. Rcc6 Rd3 43. Rxa6 Rxa6 44. Rxa6 Rb3 45. f5 Rxb2 46. g6 Rb3 47. gxf7 Kxf7 48. Kf4 1-0

[Event "GRENKE Chess Open 2024"]
[Site "Karlsruhe"]
[Date "2024.03.29"]
[Round "2.45"]
[White "Filindash, Nikita"]
[Black "Nevednichy, Vladislav"]
[Result "1/2-1/2"]
[WhiteElo "2217"]
[BlackElo "2445"]
[Annotator "TA"]
[PlyCount "69"]
[EventDate "2024.03.28"]
[EventType "swiss"]
[EventCountry "GER"]
[SourceTitle "playchess.com"]
[Source "ChessBase"]
[SourceQuality "1"]

1. d4 Nf6 2. c4 d6 3. Nf3 g6 4. Nc3 Bg7 5. e4 Bg4 6. Be2 Bxf3 7. Bxf3 e5 8. d5 h5 9. Qb3 b6 10. Qc2 Bh6 11. Bxh6 Rxh6 12. a3 g5 13. h3 Nbd7 14. g3 h4 15. O-O-O a5 16. Rdg1 Nc5 17. gxh4 Rxh4 18. Rxg5 Rf4 19. Rg3 a4 20. Kb1 Nb3 21. Qd3 Nc5 22. Qe3 Ke7 23. h4 Qh8 24. h5 Qh7 25. h6 Nfxe4 26. Nxe4 Nxe4 27. Bxe4 Rxe4 28. Qg5+ Kd7 29. Ka2 Rh8 30. Qf6 Rf4 31. Qxh8 Qxh8 32. h7 Rxf2 33. Rg8 Rf1 34. Rh2 Rf2 35. Rh1 1/2-1/2

[Event "GRENKE Chess Open 2024"]
[Site "Karlsruhe"]
[Date "2024.03.29"]
[Round "2.46"]
[White "Fromm, Marius"]
[Black "Akhras, Khaled"]
[Result "1-0"]
[WhiteElo "2445"]
[BlackElo "2213"]
[Annotator "RC"]
[PlyCount "71"]
[EventDate "2024.03.28"]
[EventType "swiss"]
[EventCountry "GER"]
[SourceTitle "playchess.com"]
[Source "ChessBase"]
[SourceQuality "1"]

1. e4 e6 2. d4 d5 3. Nc3 dxe4 4. Nxe4 Qd5 5. Nc3 Bb4 6. Nf3 Nf6 7. Bd3 Ne4 8. Bd2 Bxc3 9. bxc3 Nxd2 10. Qxd2 O-O 11. O-O c5 12. Rfe1 Nd7 13. Qf4 cxd4 14. cxd4 Nf6 15. Re5 Qd8 16. Rg5 Nd5 17. Qh4 f5 18. c4 Nb4 19. Bf1 Qf6 20. Qf4 Nc6 21. Re1 Nd8 22. Rg3 Nf7 23. Ne5 Nxe5 24. Rxe5 Bd7 25. Rge3 Rad8 26. c5 Bc8 27. h4 g6 28. Bc4 Kg7 29. d5 exd5 30. Bxd5 Rd7 31. Re6 Qd8 32. Qe5+ Kh6 33. Rd6 Rxd6 34. cxd6 f4 35. Rc3 Rf5 36. Qe7 1-0

[Event "GRENKE Chess Open 2024"]
[Site "Karlsruhe"]
[Date "2024.03.29"]
[Round "3.1"]
[White "Sarana, Alexey"]
[Black "Gaal, Zsoka"]
[Result "1-0"]
[WhiteElo "2699"]
[BlackElo "2379"]
[Annotator "TA"]
[PlyCount "63"]
[EventDate "2024.03.28"]
[EventType "swiss"]
[EventCountry "GER"]
[SourceTitle "playchess.com"]
[Source "ChessBase"]
[SourceQuality "1"]

1. d4 Nf6 2. c4 e6 3. Nc3 Bb4 4. e3 O-O 5. Bd3 d5 6. a3 Bxc3+ 7. bxc3 dxc4 8. Bxc4 c5 9. Nf3 Qc7 10. Bb3 b6 11. O-O Bb7 12. Re1 Nbd7 13. Nd2 b5 14. a4 a6 15. e4 b4 16. Bb2 c4 17. Nxc4 bxc3 18. Ba3 Rfd8 19. f3 Nb6 20. Ne3 a5 21. Rc1 Rac8 22. Bc5 Nbd7 23. Be7 Re8 24. Ba3 Ba6 25. Bb2 Qb6 26. Bxc3 Rc7 27. Ba2 e5 28. Rb1 Qa7 29. Bxa5 exd4 30. Bxc7 dxe3 31. Qd6 e2+ 32. Bb6 1-0

[Event "GRENKE Chess Open 2024"]
[Site "Karlsruhe"]
[Date "2024.03.29"]
[Round "3.1"]
[White "Paltrinieri, Nicholas"]
[Black "Santos Latasa, Jaime"]
[Result "0-1"]
[WhiteElo "2355"]
[BlackElo "2621"]
[Annotator "TA"]
[PlyCount "68"]
[EventDate "2024.03.28"]
[EventType "swiss"]
[EventCountry "GER"]
[SourceTitle "playchess.com"]
[Source "ChessBase"]
[SourceQuality "1"]

1. d4 Nf6 2. Bg5 e6 3. e4 h6 4. Bxf6 Qxf6 5. c3 d5 6. e5 Qd8 7. Nf3 c5 8. Bd3 Qb6 9. Qe2 Nc6 10. dxc5 Bxc5 11. O-O a5 12. Nbd2 Be7 13. Nb3 a4 14. Nbd4 a3 15. b3 Bd7 16. Rfd1 Nxd4 17. Nxd4 Rc8 18. Rac1 O-O 19. Bb1 Rc7 20. g3 Rfc8 21. Qe3 Qa5 22. c4 Be8 23. h4 h5 24. Bd3 dxc4 25. Rxc4 Rxc4 26. Bxc4 Rd8 27. Be2 Bc5 28. b4 Qxb4 29. Nc2 Rxd1+ 30. Bxd1 Qc4 31. Qd2 Qxa2 32. Qd8 Kf8 33. Qc8 Qc4 34. Ne3 Qc1 0-1

[Event "GRENKE Chess Open 2024"]
[Site "Karlsruhe"]
[Date "2024.03.29"]
[Round "3.2"]
[White "Meier, Georg"]
[Black "Ehmann, Thilo"]
[Result "1/2-1/2"]
[WhiteElo "2620"]
[BlackElo "2349"]
[Annotator "TA"]
[PlyCount "109"]
[EventDate "2024.03.28"]
[EventType "swiss"]
[EventCountry "GER"]
[SourceTitle "playchess.com"]
[Source "ChessBase"]
[SourceQuality "1"]

1. Nf3 c5 2. b3 d6 3. d4 cxd4 4. Nxd4 Nf6 5. c4 b6 6. Nc3 Bb7 7. Bb2 e6 8. e3 a6 9. Rg1 Nbd7 10. g4 h6 11. Qc2 Qc7 12. O-O-O d5 13. cxd5 Nxd5 14. Nxd5 Qxc2+ 15. Kxc2 Bxd5 16. Bg2 Bxg2 17. Rxg2 Be7 18. Kb1 Rc8 19. f3 Nf6 20. e4 O-O 21. Rgd2 Bb4 22. Rc2 Rxc2 23. Nxc2 Be7 24. Ba3 Rd8 25. Rxd8+ Bxd8 26. Nb4 Nd7 27. Bb2 Bc7 28. h3 Nb8 29. Bd4 Bd6 30. Nd3 Nd7 31. h4 h5 32. gxh5 Kh7 33. Be3 b5 34. Kc2 Nb8 35. Kd2 Nc6 36. Ke2 Bg3 37. h6 Bxh4 38. hxg7 Kxg7 39. Nc5 a5 40. a4 bxa4 41. bxa4 Kg6 42. Nb7 Be7 43. Bd2 Bb4 44. Bxb4 axb4 45. a5 b3 46. Kd2 Kg5 47. Kc3 Nxa5 48. Nxa5 Kf4 49. Nxb3 Kxf3 50. Kd4 Kf4 51. Nc5 e5+ 52. Kd5 f5 53. Nd3+ Kg5 54. Nxe5 fxe4 55. Kxe4 1/2-1/2

[Event "GRENKE Chess Open 2024"]
[Site "Karlsruhe"]
[Date "2024.03.29"]
[Round "3.2"]
[White "Glantz, Robert"]
[Black "Fedoseev, Vladimir"]
[Result "0-1"]
[WhiteElo "2375"]
[BlackElo "2690"]
[Annotator "TA"]
[PlyCount "80"]
[EventDate "2024.03.28"]
[EventType "swiss"]
[EventCountry "GER"]
[SourceTitle "playchess.com"]
[Source "ChessBase"]
[SourceQuality "1"]

1. e4 c6 2. d4 d5 3. e5 Bf5 4. Nf3 e6 5. Be2 Nd7 6. Nbd2 h6 7. O-O Ne7 8. Nb3 Bg6 9. a4 Nf5 10. a5 Be7 11. Bd2 O-O 12. Rc1 b6 13. g4 Nh4 14. Nxh4 Bxh4 15. Be3 f5 16. exf6 Bxf6 17. c4 bxa5 18. Ra1 a4 19. Rxa4 Nb6 20. Ra6 Nxc4 21. Qc1 Qc8 22. Bxc4 dxc4 23. Nc5 Bd3 24. Nxd3 Qxa6 25. Nc5 Qa2 26. Nxe6 Rf7 27. Nc5 Rb8 28. Qc2 Rxb2 29. Qe4 c3 30. Qxc6 Qc4 31. Qa8+ Rf8 32. Qe4 Qf7 33. Rc1 Bg5 34. Nd3 Re2 35. f4 Bxf4 36. Nxf4 Re8 37. Qxe8+ Qxe8 38. Nxe2 Qxe3+ 39. Kf1 Qf3+ 40. Ke1 Qh1+ 0-1

[Event "GRENKE Chess Open 2024"]
[Site "Karlsruhe"]
[Date "2024.03.29"]
[Round "3.3"]
[White "Sjugirov, Sanan"]
[Black "Weishaeutel, Moritz"]
[Result "1-0"]
[WhiteElo "2690"]
[BlackElo "2378"]
[Annotator "TA"]
[PlyCount "53"]
[EventDate "2024.03.28"]
[EventType "swiss"]
[EventCountry "GER"]
[SourceTitle "playchess.com"]
[Source "ChessBase"]
[SourceQuality "1"]

1. d4 d5 2. c4 e6 3. Nf3 c5 4. cxd5 exd5 5. g3 Nf6 6. Bg2 Nc6 7. O-O Be7 8. a3 c4 9. b3 O-O 10. bxc4 dxc4 11. Nc3 Qa5 12. Bd2 Rd8 13. e4 Qh5 14. d5 Ne5 15. Nxe5 Qxe5 16. Qe2 Qd4 17. Nb5 Qc5 18. Rfb1 Bg4 19. Qe1 Qc8 20. Bb4 Bc5 21. Bxc5 Qxc5 22. Qb4 Rac8 23. h3 Qxb4 24. Rxb4 a5 25. Rbb1 Bh5 26. Nc3 Rc7 27. f4 1-0

[Event "GRENKE Chess Open 2024"]
[Site "Karlsruhe"]
[Date "2024.03.29"]
[Round "3.3"]
[White "Kuhn, Clement"]
[Black "Chigaev, Maksim"]
[Result "1/2-1/2"]
[WhiteElo "2349"]
[BlackElo "2617"]
[Annotator "TA"]
[PlyCount "106"]
[EventDate "2024.03.28"]
[EventType "swiss"]
[EventCountry "GER"]
[SourceTitle "playchess.com"]
[Source "ChessBase"]
[SourceQuality "1"]

1. e4 c5 2. Nc3 g6 3. h4 Bg7 4. d3 Nc6 5. h5 d6 6. Be2 e6 7. Be3 Nge7 8. Qd2 Nd4 9. Nf3 Nec6 10. hxg6 hxg6 11. Rxh8+ Bxh8 12. O-O-O Qa5 13. Rh1 Nxe2+ 14. Nxe2 Qxd2+ 15. Kxd2 Bg7 16. Bh6 Kf8 17. c3 e5 18. d4 exd4 19. cxd4 Bg4 20. Bxg7+ Kxg7 21. d5 Na5 22. b3 f6 23. Nf4 Re8 24. Kd3 g5 25. Nh5+ Kg6 26. Ng3 b5 27. Nd2 Rc8 28. Kc3 b4+ 29. Kd3 Bd7 30. Nf5 Bxf5 31. exf5+ Kxf5 32. Rh7 a6 33. Re7 Rh8 34. Ne4 Kg6 35. Nxd6 Rh1 36. Ne4 Rd1+ 37. Nd2 c4+ 38. Kc2 cxb3+ 39. axb3 Rg1 40. Nc4 Nxc4 41. bxc4 Rxg2 42. c5 Rxf2+ 43. Kb3 Rf5 44. Rd7 a5 45. c6 Rf3+ 46. Ka4 Rc3 47. c7 b3 48. Ka3 a4 49. d6 Rc2 50. Rd8 Ra2+ 51. Kb4 b2 52. Rg8+ Kf7 53. Rf8+ Kg6 1/2-1/2

[Event "GRENKE Chess Open 2024"]
[Site "Karlsruhe"]
[Date "2024.03.29"]
[Round "3.4"]
[White "Svane, Frederik"]
[Black "Skawinski, Arkadiusz"]
[Result "1-0"]
[WhiteElo "2617"]
[BlackElo "2347"]
[Annotator "TA"]
[PlyCount "81"]
[EventDate "2024.03.28"]
[EventType "swiss"]
[EventCountry "GER"]
[SourceTitle "playchess.com"]
[Source "ChessBase"]
[SourceQuality "1"]

1. e4 e6 2. d4 d5 3. Nc3 Bb4 4. exd5 exd5 5. Bd3 Nc6 6. Nf3 Bg4 7. O-O Bxc3 8. bxc3 Qf6 9. Qe1+ Nge7 10. Ne5 Nxe5 11. dxe5 Qe6 12. Ba3 Nc6 13. f4 Bf5 14. Qh4 Kd7 15. Rab1 b6 16. Rb5 Bxd3 17. cxd3 a6 18. Rb2 Rad8 19. Qh5 Kc8 20. d4 g6 21. Qe2 Kb7 22. Bb4 f6 23. a4 Rhg8 24. Qd3 Rg7 25. Re2 Rf7 26. f5 gxf5 27. Qxf5 Re8 28. Ref2 Nd8 29. exf6 a5 30. Ba3 Qxf5 31. Rxf5 Re3 32. R5f3 Rxf3 33. Rxf3 b5 34. axb5 Kb6 35. g4 Kxb5 36. g5 Ne6 37. h4 Ka4 38. Be7 Kb3 39. Re3 Nf4 40. Kf2 a4 41. Kg3 1-0